|
|
|
|
| LEADER |
00000cam a2200000 7i4500 |
| 001 |
0000014274 |
| 005 |
20080305.0 |
| 008 |
080226 |
| 020 |
|
|
|a 9830992454
|
| 090 |
0 |
0 |
|a 297.648
|b KHU
|
| 245 |
1 |
0 |
|a Khulafa' Rasyidun & daulah islamiah :
|b Abu Bakar As-Siddiq;Umar Al-Khattab;Uthman Ibn Affan;Ali Ibn Talib
|c penyusun Haji Mohd. Rashad Shamsuddin
|
| 260 |
|
|
|a Kuala Lumpur :
|b Al-Hidayah Publishers ,
|c 2003
|
| 650 |
|
0 |
|a Leadership
|x Religious aspects
|x Islam
|
| 700 |
0 |
|
|a Haji Mohd. Rashad Shamsuddin
|
| 999 |
|
|
|a 0000924553
|b Book
|c Adult Collection
|e Cawangan Bukit Gambir
|
| 999 |
|
|
|a 0000924554
|b Book
|c Adult Collection
|e Cawangan Bukit Gambir
|
| 999 |
|
|
|a 0000934111
|b Book
|c Adult Collection
|e Cawangan Tangkak
|
| 999 |
|
|
|a 0001007552
|b Book
|c Adult Collection
|e Perbadanan Perpustakaan Awam Johor
|
| 999 |
|
|
|a 0001007553
|b Book
|c Adult Collection
|e Perbadanan Perpustakaan Awam Johor
|
| 999 |
|
|
|a 0001007554
|b Book
|c Adult Collection
|e Perbadanan Perpustakaan Awam Johor
|